000 00435nam a2200145Ia 4500
008 230917s9999||||xx |||||||||||||| ||und||
040 _e173008
_aMAIN
041 _aEnglish
082 _a891.437731 GS346E
100 _aघोष, श्याम सुन्दर
245 0 _aएक उलूक कथा
260 _aदिल्ली
_bप्रभा प्रकाशन
_c1972
300 _a128 पृ. p.
942 _cHN
999 _c105832
_d105832